| 000 | 01189nam a2200277 i 4500 | ||
|---|---|---|---|
| 001 | 119302 | ||
| 003 | ES-MaACL | ||
| 005 | 20250916194336.0 | ||
| 007 | t| | ||
| 008 | 070214s1912 sp r ||||1| spa d | ||
| 080 | _a75 Jáuregui, Juan de | ||
| 080 | _a929 Cervantes Saavedra, Miguel de (0:75) | ||
| 100 | 1 |
_aPidal y Mon, Alejandro, _d1846-1913 _991890 |
|
| 245 | 1 | 3 |
_aEl retrato de Cervantes : _bconferencia de Don Alejandro Pidal y Mon en la Asociación de la Prensa el 15 de enero de 1912. |
| 250 | _aNueva ed. publ. por la Real Academia Española. | ||
| 260 |
_aMadrid : _b[Real Academia Española], _c1912 ( _fTip. de Prudencio P. de Velasco) |
||
| 300 |
_a53 p. : _b1 retr. ; _c28 cm. |
||
| 530 | _aDisponible en formato digital. | ||
| 600 | 1 | 7 |
_aJáuregui, Juan de, _d1583-1641. _t[Retrato de Miguel de Cervantes Saavedra] _2 _9161584 |
| 600 | 1 | 7 |
_aCervantes Saavedra, Miguel de, _d1547-1616- _xRetratos _2 _9161583 |
| 710 | 2 |
_aAsociación de la Prensa de Madrid _91608 |
|
| 710 | 2 |
_aReal Academia Española _96336 |
|
| 852 | 4 |
_aES-MaACL _jT-1259-F-8 |
|
| 856 |
_uhttps://archive.org/details/elretratodecerva00pida _zInternet Archive |
||
| 999 |
_c119302 _d119302 |
||